000 00512nam a2200181 a 4500
001 000046158
005 20201002052657.0
008 150630s1986 dr a 000 0 spa d
040 _aDO-SdBNP
_bspa
_cBNPHU
082 _axxx
_bE82s, 5to.
245 0 0 _aEstudios sociales 5 :
_beducación primaria.
260 _aSanto Domingo, :
_bColegial,
_c1986.
300 _a147p. :
_bil., ;
_c27 cm.
490 1 _aNuñez Molina
590 _aInventariado, 2018/MFF
830 0 _aNuñez Molina
_974204
910 _aEn proceso
999 _c45647
_d45647